000 00350nam a2200133Ia 4500
005 20260328101527.0
008 260328s9999||||xx |||||||||||||| ||und||
100 _aRoccella, Graziella
245 0 _aGio Ponti :
_b Maestro de la levedad (1891-1979) /
_cGraziella Roccella
260 _bTaschen
300 _a96 p.
650 _aARQUITECTOS
942 _cBK
999 _c9824
_d9824